• 首页
  • 本馆介绍
  • 公告通知
  • 最新文献
  • 馆藏检索
  • 电子资源
  • 读者导购
  • 参考咨询
  • 我的图书馆
  • 登录
  • 详细信息显示
  • 放入我的书架
  • 预约/预借图书
  • 作者相关作品
  • 分类相关作品
  • 丛书相关作品
  • 出版社相关作品

书目信息

  • 表格格式
  • 工作单格式
  • 卡片格式
题名:
和谐的乐声
    
 
作者: 刘靖之 著
分册:  
出版信息: 武汉   湖北教育出版社  2002
页数: 479页
开本: 20cm
丛书名: 巴别塔文丛
单 册:
中图分类: I046
科图分类:
主题词: 文学--翻译
电子资源:
ISBN: 7-5351-3225-1
000 00835oam2 2200265 450
001 020000029945
005 20051020090017.96
010    @a7-5351-3225-1@dCNY32.00
092    @aCN
100    @a20050127d2002 ekmy0chiy0120 ea
101 0  @achi
102    @aCN@b420000
105    @aa z 000cy
200 1  @a和谐的乐声@Ahe xie de yue sheng@9ge xie de yue sheng@f刘靖之著@Fliu jing zhi zhu
210    @a武汉@c湖北教育出版社@d2002
215    @a479页@c照片@d20cm
225 2  @a巴别塔文丛@f许钧,唐瑾主编
330    @a本书收集了“文字上的男女平等”、“文学翻译与音乐演奏”、“香港需要文化艺术政策”、“巴黎的歌剧和歌剧院”等文章。
461  0 @12001 @a巴别塔文丛
606 0  @a文学@x翻译
690    @aI046@v4
701  0 @a刘靖之@Aliu jing zhi@4著
801  0 @aCN@bTSSF@c20051020
905    @a10447@dI046@e118
999    @aZXL@eSue
    
    和谐的乐声/刘靖之著.-武汉:湖北教育出版社,2002
    479页:照片;20cm.-(巴别塔文丛/许钧,唐瑾主编)
    
    
    ISBN 7-5351-3225-1:CNY32.00
    本书收集了“文字上的男女平等”、“文学翻译与音乐演奏”、“香港需要文化艺术政策”、“巴黎的歌剧和歌剧院”等文章。
●
相关链接 在E读中查询图书 在五车中查询图书 在当当中查询图书 在豆瓣中查询图书


正题名:和谐的乐声     索取号:I046/118         预约/预借

序号 登录号 条形码 馆藏地/架位号 状态 备注
1 0365708   3657082   第一样本阅览室/ [索取号:I046/118] 在馆    
2 0365709   3657091   第二借阅区/ [索取号:I046/118] 在馆    
3 0365710   3657108   第二借阅区/ [索取号:I046/118] 在馆    
4 0365711   3657117   第二借阅区/ [索取号:I046/118] 在馆    
5 0365712   3657126   第二借阅区/ [索取号:I046/118] 在馆    
唐山师范学院图书馆 欢迎您!
大连网信软件有限公司© 版权所有